Finite dynamic programming : an approach to finite Markov decision processes /

Bibliographic Details
Main Author: White, D. J. (Douglas John)
Format: Book
Language:English
Published: Chichester [England] ; New York : Wiley, [1978]
Subjects:

MARC

Tag First Indicator Second Indicator Subfields
LEADER 00000pam a2200000 i 4500
001 in00000092089
005 20151008064146.0
008 771206s1978 enk b 00110 eng
010 |a  77026333  
020 |a 0471996297 
035 |a (OCoLC)03516711 
035 |9 AAK3645AM 
040 |a DLC  |c DLC  |d TXA  |d UtOrBLW 
049 |a TXAM  |c 1 [1541975], 2 [1502355] 
050 0 0 |a T57.83  |b .W46 
082 0 |a 519.7/03 
100 1 |a White, D. J.  |q (Douglas John) 
245 1 0 |a Finite dynamic programming :  |b an approach to finite Markov decision processes /  |c D. J. White. 
264 1 |a Chichester [England] ;  |a New York :  |b Wiley,  |c [1978] 
264 4 |c ©1978 
300 |a xiii, 204 pages ;  |c 24 cm. 
336 |a text  |b txt  |2 rdacontent 
337 |a unmediated  |b n  |2 rdamedia 
338 |a volume  |b nc  |2 rdacarrier 
500 |a "A Wiley-Interscience publication." 
500 |a Includes index. 
504 |a Bibliography: pages 199-202. 
650 0 |a Dynamic programming. 
650 0 |a Decision making. 
650 0 |a Markov processes. 
999 |a MARS 
999 f f |s 9fecf2cd-6caa-3dcc-b96c-52289c7a0e11  |i 1d97d9e4-f2d1-3de7-be5c-a748aa691421  |t 0 
952 f f |p normal  |a Texas A&M University  |b College Station  |c Sterling C. Evans Library  |d Evans: Library Stacks  |t 0  |e T57.83 .W46  |h Library of Congress classification  |i unmediated -- volume  |m A14806240401 
998 f f |a T57.83 .W46  |t 0  |l Evans: Library Stacks